Statistics for 25 Shades of Grey

Click here to take the quiz!

General Stats

  • This quiz has been taken 67 times
  • The average score is 23 of 25

Answer Stats

# % Correct
1
100%
3
98%
5
98%
7
98%
8
98%
9
98%
10
98%
11
98%
2
98%
4
96%
6
96%
14
96%
17
95%
12
95%
15
95%
13
93%
16
91%
18
89%
19
88%
20
88%
23
86%
25
84%
21
82%
22
82%
24
82%

Score Distribution

Percentile by Number Answered

Percent of People with Each Score

Your Score History

You have not taken this quiz